00418nam a2200157Ia 4500003000900000008004100009020001800050040001600068080001600084100001600100245007400116260003500190300001300225650000800238650001400246IN-BaIIA211028s9999 xx 000 0 eng d a0-14-400033-4 cIIA Library a793.31bNAI aNair, Anita 0aMistresscAnita Nair  aNew DelhibPenguin Booksc2005 ax, 428p. aArt aKathakali